<?xml version='1.0' encoding='UTF-8'?>
  <record xmlns="http://www.loc.gov/MARC21/slim">
    <leader>00000ctm a2200000 i 4500</leader>
    <controlfield tag="001">ocn965406252</controlfield>
    <controlfield tag="003">OCoLC</controlfield>
    <controlfield tag="005">20250327205645.9</controlfield>
    <controlfield tag="008">120118q15201524xx            000 0 lat d</controlfield>
    <datafield tag="040" ind1=" " ind2=" ">
      <subfield code="a">QGJ</subfield>
      <subfield code="b">dut</subfield>
      <subfield code="c">QGJ</subfield>
      <subfield code="d">OCLCL</subfield>
      <subfield code="d">OCLCQ</subfield>
    </datafield>
    <datafield tag="035" ind1=" " ind2=" ">
      <subfield code="a">(OCoLC)965406252</subfield>
    </datafield>
    <datafield tag="084" ind1=" " ind2=" ">
      <subfield code="a">11.59</subfield>
      <subfield code="2">bcl</subfield>
    </datafield>
    <datafield tag="100" ind1="1" ind2=" ">
      <subfield code="a">Heda, Wilhelmus.</subfield>
    </datafield>
    <datafield tag="245" ind1="1" ind2="0">
      <subfield code="a">Historia episcoporum Ultrajectensium /</subfield>
      <subfield code="c">Wilhelmus Heda.</subfield>
      <subfield code="f">UBU Hs. 0 B 6.</subfield>
    </datafield>
    <datafield tag="246" ind1="1" ind2=" ">
      <subfield code="a">Catalogus episcoporum Traiectensum</subfield>
    </datafield>
    <datafield tag="260" ind1=" " ind2=" ">
      <subfield code="c">[ca. 1520-ca. 1524]</subfield>
    </datafield>
    <datafield tag="300" ind1=" " ind2=" ">
      <subfield code="a">iv, 239 fol. ;</subfield>
      <subfield code="c">310 x 210 (250 x 120) mm</subfield>
    </datafield>
    <datafield tag="336" ind1=" " ind2=" ">
      <subfield code="a">text</subfield>
      <subfield code="b">txt</subfield>
      <subfield code="2">rdacontent</subfield>
    </datafield>
    <datafield tag="337" ind1=" " ind2=" ">
      <subfield code="a">unmediated</subfield>
      <subfield code="b">n</subfield>
      <subfield code="2">rdamedia</subfield>
    </datafield>
    <datafield tag="338" ind1=" " ind2=" ">
      <subfield code="a">volume</subfield>
      <subfield code="b">nc</subfield>
      <subfield code="2">rdacarrier</subfield>
    </datafield>
    <datafield tag="340" ind1=" " ind2=" ">
      <subfield code="a">papier</subfield>
      <subfield code="k">1 kol., 34-36 regels, littera cursiva.</subfield>
    </datafield>
    <datafield tag="500" ind1=" " ind2=" ">
      <subfield code="a">Netschrift, in opdracht van Heda zelf geschreven, met correcties in het handschrift van Heda en voor ongeveer de helft door hemzelf voor druk gereed gemaakt.</subfield>
    </datafield>
    <datafield tag="500" ind1=" " ind2=" ">
      <subfield code="a">Van de dedicatie bestaat een proefdruk, gebonden in Hs. 787 van de Universiteitsbibliotheek Utrecht; dit dubbelblad is gedrukt door Michiel Hillen van Hoochstraten in Antwerpen.</subfield>
    </datafield>
    <datafield tag="500" ind1=" " ind2=" ">
      <subfield code="a">Terminus post quem: 1 mei 1521 (datering dedicatio); terminus ante quem: 1524 (toevoeging in andere hand betreffende gebeurtenissen in 1524).</subfield>
    </datafield>
    <datafield tag="500" ind1=" " ind2=" ">
      <subfield code="a">Inhoud: fol. i-iv: blanco. fol. 1r-3v: Dedicatie van Willem Heda aan de Utrechtse kerk: Sancte et venerabili Ecclesie Ultraiectensi Wilhelmus Heda prepositus Arnhemensis Levites et Canonicus eiusdem honorem et incrementum in omni bono. fol. 4r: Proemium. fol. 4r-7r: De loco et situ Traiecti. fol. 7r-8v: De marsis populis Italie ... fol. 8v-11r: De origine urbis. fol. 11r-13r: De mutatione nominis. fol. 13r-14r: De origine fundatoribus Ecclesie Traiectensis. fol. 14r-16r: Exemplar litterarum Dagoberti regis. fol. 16r-18v: Item ex alia littera ipsius Dagoberti regis. fol. 18v-232v: Catalogus episcoporum Traiectensum. fol. 233-239: blanco.</subfield>
    </datafield>
    <datafield tag="500" ind1=" " ind2=" ">
      <subfield code="a">Op voorplat, in inkt: No. 4. Seer out boeck vande meeni[gh]eyt uytgetrocken ut de Historie van Heda en Beka.</subfield>
    </datafield>
    <datafield tag="500" ind1=" " ind2=" ">
      <subfield code="a">Voorafgaand aan de tekst zijn - waarschijnlijk a.h. eind van de 16de eeuw (watermerken!) - 6 blanco schutbladen bijgebonden, na de tekst 40 blanco schutbladen.</subfield>
    </datafield>
    <datafield tag="524" ind1=" " ind2=" ">
      <subfield code="a">Te citeren als: Universiteitsbibliotheek Utrecht Hs. 0 B 6.</subfield>
    </datafield>
    <datafield tag="563" ind1=" " ind2=" ">
      <subfield code="a">Perkamenten band.</subfield>
    </datafield>
    <datafield tag="581" ind1=" " ind2=" ">
      <subfield code="a">K. van der Horst, 'Willem Heda and the edition of his ''Historia episcoporum Ultrajectensium''', in: Quaerendo 33 (2003) 3-4, p. 267-284. P. 274 nt. 14, 277-283, afb. op p. 279.</subfield>
    </datafield>
    <datafield tag="581" ind1=" " ind2=" ">
      <subfield code="a">K. van der Horst, 'Willem Heda en de uitgave van zijn Historia Episcoporum Ultrajectensium', in: E codicibus impressisque. Opstellen over het boek in de Lage Landen voor Elly Cockx-Indestege. I. Leuven 2004, p. 233-250. p. 243, afb. 6.</subfield>
    </datafield>
    <datafield tag="530" ind1=" " ind2=" ">
      <subfield code="a">Also available in online version.</subfield>
    </datafield>
    <datafield tag="650" ind1=" " ind2="7">
      <subfield code="a">Bisschoppen.</subfield>
      <subfield code="0">(NL-LeOCL)078454603.</subfield>
      <subfield code="2">gtt</subfield>
    </datafield>
    <datafield tag="650" ind1=" " ind2="7">
      <subfield code="a">Utrecht (bisdom)</subfield>
      <subfield code="0">(NL-LeOCL)078699738.</subfield>
      <subfield code="2">gtt</subfield>
    </datafield>
    <datafield tag="651" ind1=" " ind2="7">
      <subfield code="a">Utrecht (stad)</subfield>
      <subfield code="0">(NL-LeOCL)094927596.</subfield>
      <subfield code="2">gtt</subfield>
    </datafield>
    <datafield tag="655" ind1=" " ind2="7">
      <subfield code="a">Handschriften (vorm)</subfield>
      <subfield code="0">(NL-LeOCL)088143309.</subfield>
      <subfield code="2">gtt</subfield>
    </datafield>
    <datafield tag="700" ind1="1" ind2=" ">
      <subfield code="a">Nieuwenhuyzen, Gualtherus Michaël van,</subfield>
      <subfield code="e">former owner.</subfield>
      <subfield code="4">fmo</subfield>
      <subfield code="5">NL-UtRU</subfield>
    </datafield>
    <datafield tag="700" ind1="1" ind2=" ">
      <subfield code="a">Harn alias Beyer, Joannes de,</subfield>
      <subfield code="e">former owner.</subfield>
      <subfield code="4">fmo</subfield>
      <subfield code="5">NL-UtRU</subfield>
    </datafield>
    <datafield tag="710" ind1="2" ind2=" ">
      <subfield code="a">Archief van de Oud-Bisschoppelijke Klerezij (Utrecht)</subfield>
      <subfield code="e">former owner.</subfield>
      <subfield code="4">fmo</subfield>
      <subfield code="5">NL-UtRU</subfield>
    </datafield>
    <datafield tag="758" ind1=" " ind2=" ">
      <subfield code="a">Historia Episcoporum Trajectensium (Text)</subfield>
      <subfield code="1">https://id.oclc.org/worldcat/entity/E39PCGMjMKvCFWFPVJTR6FhdkP</subfield>
      <subfield code="4">https://id.oclc.org/worldcat/ontology/hasWork</subfield>
    </datafield>
    <datafield tag="776" ind1="0" ind2="8">
      <subfield code="i">Online version:</subfield>
      <subfield code="a">Heda, Wilhelmus</subfield>
      <subfield code="t">Historia episcoporum Ultrajectensium /</subfield>
    </datafield>
    <datafield tag="856" ind1="4" ind2="1">
      <subfield code="u">http://objects.library.uu.nl/reader/resolver.php?obj=002402391&amp;type=2</subfield>
      <subfield code="x">Online</subfield>
      <subfield code="z">Full Text</subfield>
    </datafield>
    <datafield tag="936" ind1=" " ind2=" ">
      <subfield code="a">BATCHLOAD</subfield>
    </datafield>
  </record>